| 000 | 00436nam a2200193Ia 4500 | ||
|---|---|---|---|
| 005 | 20240823030833.0 | ||
| 008 | 240823s9999||||xx |||||||||||||| ||und|| | ||
| 020 | _a978-953-307-104-6 | ||
| 041 | _aENGLISH | ||
| 082 | _A629.892 | ||
| 100 | _a"Jabin, Suraiya" | ||
| 245 | 0 | _aRobot Learning | |
| 250 | _a1st | ||
| 260 | _bIntech Publica | ||
| 500 | _aTRANSFERED | ||
| 650 |
_aRobot _bMechanical |
||
| 942 | _cBK | ||
| 999 |
_c189644 _d189644 |
||